[Event "As Follo CC-chA"]
[Site "As"]
[Date "2019.02.28"]
[Round "3"]
[White "Olsen, Trygve"]
[Black "Bakken, Svein Erik"]
[Result "1-0"]
[WhiteElo "1501"]
[BlackElo "1621"]
[PlyCount "173"]
[EventDate "2019.01.10"]
[EventType "tourn"]
[EventRounds "9"]
[EventCountry "NOR"]
[SourceTitle "EXT 2024"]
[Source "ChessBase"]
[SourceDate "2023.10.10"]
[SourceVersion "1"]
[SourceVersionDate "2023.10.10"]
[SourceQuality "1"]

1. f4 d5 2. d4 c5 3. c3 Nc6 4. Nf3 Nf6 5. e3 e6 6. Be2 Be7 7. 0-0 Qc7 8. Ne5 b6 9. Nd2 Bb7 10. Ndf3 0-0 11. Bd3 Ne4 12. Nd2 f5 13. Rf3 Nf6 14. Rh3 Nxe5 15. fxe5 Ng4 16. Nf3 a5 17. Rg3 Kh8 18. h3 Nh6 19. h4 Ng4 20. Ng5 Bxg5 21. hxg5 Qf7 22. Rh3 Ba6 23. Bc2 g6 24. Bd2 Qd7 25. Qe1 Rf7 26. Qh4 Raf8 27. Re1 a4 28. a3 Qb5 29. Bc1 Qd7 30. Bd1 Bd3 31. Be2 Bxe2 32. Rxe2 Qb5 33. Qe1 Qc6 34. g3 Qb5 35. Qd1 Qc6 36. Kg2 Qb5 37. Rh1 Qc6 38. Kf3 c4 39. Kf4 b5 40. Qc2 Rg7 41. Bd2 Kg8 42. Qc1 Kf7 43. Qd1 Ke7 44. Rh4 Rff7 45. Qh1 Qc7 46. Kf3 Qb7 47. Kg2 Kd8 48. Re1 Qe7 49. e4 dxe4 50. Kg1 Qa7 51. Be3 Qb7 52. Qg2 Ke8 53. Qd2 Qd5 54. Rf1 Rd7 55. Rxg4 fxg4 56. Rf6 Rgf7 57. Qe2 Rxf6 58. exf6 Qf5 59. Bf4 Rf7 60. Qe3 Kf8 61. d5 Qxd5 62. Kf2 Rd7 63. Qb6 e3+ 64. Qxe3 Qf3+ 65. Qxf3 gxf3 66. Kxf3 e5 67. Bxe5 Rd2 68. Ke4 Rxb2 69. Kd5 Kf7 70. Bd6 Ke8 71. Bb4 Kd7 72. f7 Rd2+ 73. Ke4 Rf2 74. f8N+ Kc6 75. Nxh7 Rf5 76. g4 Rf7 77. Nf6 Kb6 78. Ke5 Kc6 79. Ke6 Ra7 80. Ne4 Ra6 81. Kf7 Kd5 82. Nf6+ Ke5 83. Kxg6 Kf4 84. Kh6 Rc6 85. Be7 Re6 86. g6 Ke5 87. g7 1-0

[Event "As Follo CC-chA"]
[Site "As"]
[Date "2019.02.14"]
[Round "5"]
[White "Olsen, Trygve"]
[Black "Larsen, Jo Ingebrigt"]
[Result "0-1"]
[WhiteElo "1501"]
[BlackElo "1621"]
[PlyCount "84"]
[EventDate "2019.01.10"]
[EventType "tourn"]
[EventRounds "9"]
[EventCountry "NOR"]
[SourceTitle "EXT 2024"]
[Source "ChessBase"]
[SourceDate "2023.10.10"]
[SourceVersion "1"]
[SourceVersionDate "2023.10.10"]
[SourceQuality "1"]

1. e4 e5 2. Bc4 Nf6 3. Nf3 Nxe4 4. Bxf7+ Kxf7 5. Nxe5+ Kg8 6. 0-0 d6 7. Nf3 Nc6 8. d3 Nf6 9. b3 Bg4 10. Nbd2 Nd4 11. Bb2 Nxf3+ 12. Nxf3 Be7 13. h3 Bh5 14. Qd2 Bxf3 15. gxf3 Qe8 16. Kh2 d5 17. Rae1 Bd6+ 18. f4 Qh5 19. Rg1 Qh4 20. Be5 Bxe5 21. fxe5 Ne8 22. Rg4 Qe7 23. f4 h6 24. f5 Kh7 25. d4 Rf8 26. Qd3 Kh8 27. Reg1 Rf7 28. f6 Nxf6 29. exf6 Qxf6 30. R1g2 c6 31. Re2 Raf8 32. Qg6 Qxg6 33. Rxg6 Rf2+ 34. Rxf2 Rxf2+ 35. Rg2 Rxg2+ 36. Kxg2 g5 37. Kg3 Kg7 38. c3 Kf6 39. Kg4 Kg6 40. a4 a5 41. c4 h5+ 42. Kf3 Kf5 0-1

[Event "As Autum"]
[Site "As"]
[Date "2018.12.06"]
[Round "9"]
[White "Skaret, Runar"]
[Black "Olsen, Trygve"]
[Result "0-1"]
[WhiteElo "1434"]
[BlackElo "1542"]
[PlyCount "78"]
[EventDate "2018.08.30"]
[EventType "swiss"]
[EventRounds "9"]
[EventCountry "NOR"]
[SourceTitle "EXT 2024"]
[Source "ChessBase"]
[SourceDate "2023.10.10"]
[SourceVersion "1"]
[SourceVersionDate "2023.10.10"]
[SourceQuality "1"]

1. e4 e5 2. Nf3 Nc6 3. Bc4 h6 4. 0-0 Nf6 5. d3 d6 6. a3 Bg4 7. Nbd2 Nd4 8. b4 b5 9. Ba2 a5 10. c3 Nxf3+ 11. Nxf3 a4 12. Qe2 Be7 13. Qe3 Bd7 14. Bb2 Ng4 15. Qe2 0-0 16. h3 Nf6 17. Qe3 Qc8 18. Nh2 Nh5 19. g4 Nf4 20. Qg3 Ne2+ 21. Kg2 Nxg3 22. fxg3 Be6 23. c4 bxc4 24. dxc4 Qb7 25. Rfe1 f6 26. Nf3 c6 27. Nh4 Kh7 28. Bb1 g6 29. Bd3 d5 30. exd5 cxd5 31. Bxg6+ Kg7 32. Bd3 e4 33. cxd5 exd3 34. Kh2 Qxd5 35. Nf5+ Bxf5 36. Rxe7+ Rf7 37. Rae1 d2 38. Rxf7+ Kxf7 39. Rd1 Bc2 0-1

[Event "As Autum"]
[Site "As"]
[Date "2018.09.13"]
[Round "2"]
[White "Lea, Per"]
[Black "Olsen, Trygve"]
[Result "1-0"]
[WhiteElo "1729"]
[BlackElo "1542"]
[PlyCount "39"]
[EventDate "2018.08.30"]
[EventType "swiss"]
[EventRounds "9"]
[EventCountry "NOR"]
[SourceTitle "EXT 2024"]
[Source "ChessBase"]
[SourceDate "2023.10.10"]
[SourceVersion "1"]
[SourceVersionDate "2023.10.10"]
[SourceQuality "1"]

1. e4 c5 2. Nf3 Nc6 3. d4 cxd4 4. Nxd4 e5 5. Nb5 d6 6. N1c3 a6 7. Na3 g6 8. Nd5 Nf6 9. Bg5 Bg7 10. Qf3 Bg4 11. Nxf6+ Bxf6 12. Qxf6 Qxf6 13. Bxf6 0-0 14. f3 Be6 15. Bc4 Rac8 16. 0-0-0 Bxc4 17. Nxc4 Nd4 18. Ne3 Rc6 19. Rxd4 exd4 20. Nd5 1-0

[Event "NOR-ch Seniors 65"]
[Site "Sarpsborg"]
[Date "2018.07.06"]
[Round "1"]
[White "Olsen, Trygve"]
[Black "Ovesen, Karsten"]
[Result "1-0"]
[WhiteElo "1547"]
[BlackElo "1780"]
[PlyCount "97"]
[EventDate "2018.07.07"]
[EventType "swiss"]
[EventRounds "9"]
[EventCountry "NOR"]
[SourceTitle "EXT 2024"]
[Source "ChessBase"]
[SourceDate "2023.10.10"]
[SourceVersion "1"]
[SourceVersionDate "2023.10.10"]
[SourceQuality "1"]

1. f4 d5 2. d4 Bf5 3. Nf3 Nf6 4. c3 e6 5. b4 a6 6. e3 Nbd7 7. Be2 Ne4 8. 0-0 Bd6 9. Bb2 0-0 10. Nbd2 Ndf6 11. Ne5 Nxd2 12. Qxd2 Ne4 13. Qd1 h6 14. a3 Bxe5 15. dxe5 b5 16. g4 Bh7 17. f5 Qg5 18. Kh1 Qxe3 19. Qe1 Rac8 20. Rf3 Qd2 21. Qxd2 Nxd2 22. Rf2 Ne4 23. Rf4 c5 24. f6 gxf6 25. exf6 Ng5 26. Kg2 e5 27. Rff1 Be4+ 28. Kg3 c4 29. h4 Ne6 30. Bc1 Kh7 31. Rf2 Rg8 32. Rh2 Rg6 33. g5 d4 34. Bh5 hxg5 35. Bxg6+ Kxg6 36. cxd4 exd4 37. hxg5 Nxg5 38. Kf4 Kxf6 39. Rh6+ Ke7 40. Kxg5 Rg8+ 41. Kf4 Bg6 42. Ke5 d3 43. Bg5+ Kd7 44. Kd4 Re8 45. Kc3 Re2 46. Bd2 Rg2 47. a4 f5 48. axb5 axb5 49. Ra6 1-0

[Event "As Autumn"]
[Site "As"]
[Date "2017.11.02"]
[Round "7"]
[White "Olsen, Trygve"]
[Black "Lea, Per"]
[Result "0-1"]
[WhiteElo "1271"]
[BlackElo "1470"]
[PlyCount "102"]
[EventDate "2017.08.31"]
[EventType "swiss"]
[EventRounds "9"]
[EventCountry "NOR"]
[SourceTitle "EXT 2024"]
[Source "ChessBase"]
[SourceDate "2023.10.10"]
[SourceVersion "1"]
[SourceVersionDate "2023.10.10"]
[SourceQuality "1"]

1. e4 e5 2. Nf3 Nc6 3. c3 d5 4. Bd3 Nf6 5. Qe2 Bg4 6. Qe3 Be7 7. Bb5 Bxf3 8. Bxc6+ bxc6 9. gxf3 c5 10. d4 exd4 11. cxd4 cxd4 12. Qxd4 dxe4 13. Qa4+ Qd7 14. Qxd7+ Kxd7 15. f4 Bb4+ 16. Ke2 Rhe8 17. Rd1+ Kc6 18. Be3 Nd5 19. a3 Bd6 20. Rxd5 Kxd5 21. Nc3+ Kc6 22. Rc1 Kb7 23. b4 f5 24. Na4 Rad8 25. Nc5+ Ka8 26. a4 h6 27. Na6 Re7 28. h4 Rf8 29. Rc6 Rf6 30. b5 Kb7 31. Nc5+ Bxc5 32. Rxf6 gxf6 33. Bxc5 Rg7 34. Bd4 Rg4 35. Bxf6 Rxf4 36. a5 c6 37. a6+ Kb6 38. bxc6 Kxc6 39. Bd4 Kb5 40. Bxa7 Rxh4 41. Ke3 Kxa6 42. Bb8 Kb5 43. Kd4 Kc6 44. Ke5 Rh5 45. Ba7 Rg5 46. Be3 Rh5 47. Kf6 Kd5 48. Kg6 Rh3 49. Bxh6 Rxh6+ 50. Kxh6 f4 51. Kg5 e3 0-1

[Event "As Autumn"]
[Site "As"]
[Date "2017.10.12"]
[Round "5"]
[White "Thorstensen, Trond"]
[Black "Olsen, Trygve"]
[Result "0-1"]
[WhiteElo "2194"]
[BlackElo "1271"]
[PlyCount "67"]
[EventDate "2017.08.31"]
[EventType "swiss"]
[EventRounds "9"]
[EventCountry "NOR"]
[SourceTitle "EXT 2024"]
[Source "ChessBase"]
[SourceDate "2023.10.10"]
[SourceVersion "1"]
[SourceVersionDate "2023.10.10"]
[SourceQuality "1"]

1. e4 c5 2. Ne2 Nc6 3. g3 e5 4. Bg2 Nf6 5. 0-0 Be7 6. a4 0-0 7. Nbc3 d6 8. Nd5 Nxd5 9. exd5 Na5 10. c3 b6 11. d3 f5 12. c4 Rf7 13. Bd2 Nb7 14. b4 cxb4 15. Bxb4 Bf6 16. Nc3 Nc5 17. Rb1 a5 18. Ba3 Rb8 19. Nb5 Qd7 20. Bb2 f4 21. gxf4 exf4 22. Bc1 Bg5 23. f3 Rf6 24. Bb2 Rg6 25. Nd4 Nxa4 26. Ne2 Nxb2 27. Rxb2 Qc7 28. Qd2 Rf6 29. Nd4 Qc5 30. Rf2 Qxd4 31. c5 Bh4 32. cxb6 Bxf2+ 33. Qxf2 Qxf2+ 34. Rxf2 0-1

[Event "As Autumn"]
[Site "As"]
[Date "2017.08.31"]
[Round "1"]
[White "Furnes, Torstein"]
[Black "Olsen, Trygve"]
[Result "1-0"]
[WhiteElo "1583"]
[BlackElo "1271"]
[PlyCount "61"]
[EventDate "2017.08.31"]
[EventType "swiss"]
[EventRounds "9"]
[EventCountry "NOR"]
[SourceTitle "EXT 2024"]
[Source "ChessBase"]
[SourceDate "2023.10.10"]
[SourceVersion "1"]
[SourceVersionDate "2023.10.10"]
[SourceQuality "1"]

1. d4 d5 2. c4 Nf6 3. cxd5 Qxd5 4. Nc3 Qd8 5. Nf3 e6 6. Bg5 Be7 7. e3 c6 8. Bd3 Nd5 9. Bxe7 Qxe7 10. Rc1 0-0 11. 0-0 Nb4 12. Bb1 a5 13. a3 Nd5 14. Qd3 f5 15. Rfe1 Rf6 16. e4 Nf4 17. Qe3 Nxg2 18. Kxg2 f4 19. Qd3 Rh6 20. e5 Qf7 21. Ne4 Qh5 22. Neg5 Rg6 23. Kh1 Bd7 24. Rg1 Be8 25. Qb3 b5 26. Bxg6 Bxg6 27. Qxe6+ Bf7 28. Qxf7+ Qxf7 29. Nxf7 Kxf7 30. Rg4 Ke6 31. Rxg7 1-0

[Event "As Autumn"]
[Site "As"]
[Date "2015.10.29"]
[Round "7"]
[White "Bakken, Svein Erik"]
[Black "Olsen, Trygve"]
[Result "1-0"]
[WhiteElo "1346"]
[BlackElo "1296"]
[PlyCount "75"]
[EventDate "2015.09.03"]
[EventType "swiss"]
[EventRounds "9"]
[EventCountry "NOR"]
[SourceTitle "EXT 2024"]
[Source "ChessBase"]
[SourceDate "2023.10.10"]
[SourceVersion "1"]
[SourceVersionDate "2023.10.10"]
[SourceQuality "1"]

1. d4 d5 2. c4 c6 3. Nc3 e6 4. Nf3 Nd7 5. cxd5 cxd5 6. Bf4 a6 7. e3 g6 8. Be2 Ngf6 9. h3 Ne4 10. 0-0 Bg7 11. Rc1 0-0 12. Na4 g5 13. Bh2 Qe7 14. Rc7 Qb4 15. a3 Qa5 16. b4 Nc3 17. Rxc3 Qd8 18. Nc5 b6 19. Nxd7 Qxd7 20. Ne5 Qe7 21. Nc6 Qb7 22. Ne5 Qe7 23. Qc2 f6 24. Rc7 Qe8 25. Nf3 Rf7 26. Rxf7 Qxf7 27. Qc6 Bb7 28. Qc7 Rc8 29. Qxf7+ Kxf7 30. Ra1 Ke7 31. g4 h6 32. Kf1 e5 33. dxe5 Ke6 34. Nd4+ Kf7 35. Nf5 Bf8 36. Nd6+ Bxd6 37. exd6 Ke6 38. Bd3 1-0

[Event "As Autumn"]
[Site "As"]
[Date "2015.10.08"]
[Round "5"]
[White "Aalmo, Alexander"]
[Black "Olsen, Trygve"]
[Result "0-1"]
[WhiteElo "1197"]
[BlackElo "1296"]
[PlyCount "82"]
[EventDate "2015.09.03"]
[EventType "swiss"]
[EventRounds "9"]
[EventCountry "NOR"]
[SourceTitle "EXT 2024"]
[Source "ChessBase"]
[SourceDate "2023.10.10"]
[SourceVersion "1"]
[SourceVersionDate "2023.10.10"]
[SourceQuality "1"]

1. d4 d5 2. Nf3 g6 3. Bg5 Bg7 4. e3 Nf6 5. c4 c6 6. Nc3 0-0 7. Qc2 h6 8. Bh4 Kh7 9. cxd5 cxd5 10. a3 a6 11. Bd3 b5 12. Rc1 Nbd7 13. 0-0 Bb7 14. h3 Rc8 15. b4 Qe8 16. Bg3 Nh5 17. Bh2 f5 18. Qb3 Nb6 19. Ne2 Nc4 20. Bxc4 dxc4 21. Qc2 Nf6 22. Nf4 Bxf3 23. gxf3 Qc6 24. Qd1 e6 25. Nd3 Nd5 26. Be5 Nf6 27. Kh2 Nd7 28. Bxg7 Kxg7 29. Rg1 Kh7 30. Nf4 g5 31. d5 exd5 32. Nxd5 Rf7 33. f4 Qd6 34. Rg3 Rg8 35. Qf3 Nf6 36. fxg5 Rxg5 37. Rd1 Ne4 38. Nc3 Qe7 39. Rxg5 Nxg5 40. Qf4 Qf6 41. Qd4 Nf3+ 0-1

[Event "Follo op"]
[Site "Follo"]
[Date "2014.11.06"]
[Round "7"]
[White "Ruud, Kjetil"]
[Black "Olsen, Trygve"]
[Result "0-1"]
[WhiteElo "1288"]
[BlackElo "1210"]
[PlyCount "118"]
[EventDate "2014.09.04"]
[EventType "swiss"]
[EventRounds "9"]
[EventCountry "NOR"]
[SourceTitle "EXT 2017"]
[Source "ChessBase"]
[SourceDate "2016.10.25"]
[SourceVersion "1"]
[SourceVersionDate "2016.10.25"]
[SourceQuality "1"]

1. e4 c5 2. Nf3 Nc6 3. d4 cxd4 4. Nxd4 g6 5. Be3 Bg7 6. Nxc6 bxc6 7. Bd4 e5 8. Bc3 Ne7 9. Qd6 0-0 10. Bc4 Kh8 11. Bxe5 f6 12. Bc3 a5 13. Nd2 Ba6 14. 0-0 Nc8 15. Qc5 Bxc4 16. Nxc4 a4 17. f4 Re8 18. e5 f5 19. Rad1 Re6 20. Rf3 Bf8 21. Nd6 Nxd6 22. exd6+ Bg7 23. Bxg7+ Kxg7 24. Re3 Rxe3 25. Qxe3 Kf7 26. c4 Qe8 27. Qxe8+ Rxe8 28. Kf2 Re4 29. b3 axb3 30. axb3 Rxf4+ 31. Ke3 Re4+ 32. Kf3 Ke6 33. h3 Ke5 34. Rd3 Rd4 35. Re3+ Kxd6 36. g4 fxg4+ 37. hxg4 Kc5 38. Kg3 Kb4 39. Kh4 h6 40. Rf3 h5 41. Rf7 Rxg4+ 42. Kh3 Rd4 43. Rf3 g5 44. Rf5 Kxb3 45. Rxg5 Kxc4 46. Rxh5 d5 47. Kg3 Rd3+ 48. Kf2 Kc3 49. Rh6 c5 50. Ke2 c4 51. Rc6 Rd2+ 52. Ke1 Rb2 53. Kd1 Rb1+ 54. Ke2 d4 55. Rd6 d3+ 56. Ke3 Re1+ 57. Kf2 d2 58. Rg6 d1Q 59. Rg3+ Kb4 0-1

[Event "Follo op"]
[Site "Follo"]
[Date "2014.10.09"]
[Round "4"]
[White "Olsen, Trygve"]
[Black "Aalmo, Alexander"]
[Result "0-1"]
[WhiteElo "1210"]
[BlackElo "1125"]
[PlyCount "104"]
[EventDate "2014.09.04"]
[EventType "swiss"]
[EventRounds "9"]
[EventCountry "NOR"]
[SourceTitle "EXT 2017"]
[Source "ChessBase"]
[SourceDate "2016.10.25"]
[SourceVersion "1"]
[SourceVersionDate "2016.10.25"]
[SourceQuality "1"]

1. e4 c5 2. c4 Nc6 3. Nf3 d6 4. h3 Nf6 5. d3 e6 6. Nc3 Be7 7. Be2 Bd7 8. 0-0 0-0 9. Bf4 a6 10. Bh2 Qc7 11. Qd2 e5 12. Nd5 Nxd5 13. cxd5 Nd4 14. Bd1 Nxf3+ 15. Bxf3 h6 16. Be2 f5 17. f4 exf4 18. Bxf4 g5 19. Bh2 Bf6 20. Kh1 f4 21. Bf3 Qb6 22. Rab1 Rac8 23. Rfc1 a5 24. b3 Qa6 25. Be2 Qa7 26. h4 Bd4 27. Rc2 Be3 28. Qe1 g4 29. Bg1 Bxg1 30. Qxg1 h5 31. Rf1 Bb5 32. Qh2 Qa6 33. Rc3 Rf6 34. Rxf4 Rcf8 35. Rxf6 Rxf6 36. Qg3 a4 37. e5 axb3 38. exf6 bxa2 39. Rc1 a1Q 40. Rxa1 Qxa1+ 41. Kh2 Qe5 42. Qxe5 dxe5 43. d6 Bd7 44. d4 cxd4 45. Bc4+ Kf8 46. g3 b5 47. Bb3 e4 48. Kg2 b4 49. Kf2 e3+ 50. Ke2 Bb5+ 51. Kd1 d3 52. Bc4 Ba4+ 0-1

[Event "As Follo CC-ch"]
[Site "As"]
[Date "2013.04.11"]
[Round "8"]
[White "Olsen, Trygve"]
[Black "Fluegel, Stefan"]
[Result "0-1"]
[WhiteElo "1292"]
[BlackElo "1660"]
[PlyCount "82"]
[EventDate "2013.01.17"]
[EventType "swiss"]
[EventRounds "9"]
[EventCountry "NOR"]
[SourceTitle "EXT 2024"]
[Source "ChessBase"]
[SourceDate "2023.10.10"]
[SourceVersion "1"]
[SourceVersionDate "2023.10.10"]
[SourceQuality "1"]

1. e4 Nc6 2. Bc4 Nf6 3. d3 Na5 4. Bxf7+ Kxf7 5. e5 d5 6. exf6 exf6 7. Ne2 Bd6 8. 0-0 b6 9. Nf4 c6 10. c3 Bf5 11. b4 Nb7 12. Qf3 Qd7 13. h3 Rae8 14. b5 Bxf4 15. bxc6 Qxc6 16. Bxf4 Nc5 17. c4 Bxd3 18. Rc1 Be4 19. cxd5 Qxd5 20. Qg3 g5 21. Be3 h5 22. Nc3 Qe5 23. Qxe5 Rxe5 24. Nb5 Ne6 25. Nxa7 b5 26. Nc6 Rd5 27. Nb4 Re5 28. a4 bxa4 29. Rxa4 f5 30. Ra7+ Kf6 31. Ra6 Rd8 32. Nc6 Bxc6 33. Rcxc6 f4 34. Bc5 Rd1+ 35. Kh2 Kf5 36. Bd6 Ree1 37. Ra5+ Kf6 38. g3 Rh1+ 39. Kg2 Rdg1+ 40. Kf3 Nd4+ 41. Ke4 Nxc6 0-1